Datum a čas kvízu
29
Celkem bodů
Celkový počet nahraných bodů na tomto kvízu bez doplňovacích otázek.
3.
Pořadí na kvízu
Konečné umístění týmu na tomto kvízu.
Zaznamenané odpovědi
| # | Otázka | Odpověď | Body | Výsledky |
|---|---|---|---|---|
| 1. | Jeden z vysokých ústavních čin... | Radek Vondráček | 1 | |
| 2. | Na platformě Netflix trhá reko... | Hra na oliheň (Squid Game) | 1 | |
| 3. | Nakladatelství DC Comics, kter... | Superman | 0 | |
| 4. | Po 75 letech existence minulý... | Alitalia | 1 | |
| 5. | Profesionální kariéru minulý t... | Roman Kreuziger | 1 | |
| 6. | Pokřín obecný je rostlina, kte... | mandragora | 1 | |
| 7. | Túje, dřevina z rodu cypřišovi... | zerav | 0 | |
| 8. | Vigna zlatá je rostlina z čele... | mungo | 0 | |
| 9. | Ledvinovník západní je tropick... | oříšky kešu | 1 | |
| 10. | Kterým slovem na S obecně ozna... | sukulenty | 1 |